Normal view
MARC view
Entry Topical Term
001 - CONTROL NUMBER
- control field: 17283
003 - CONTROL NUMBER IDENTIFIER
- control field: VITAP
005 - DATE AND TIME OF LATEST TRANSACTION
- control field: 20260317154731.0
008 - FIXED-LENGTH DATA ELEMENTS
- fixed length control field: 260317|| aca||babn | a|a d
040 ## - CATALOGING SOURCE
- Original cataloging agency: VITAP
150 ## - HEADING--TOPICAL TERM
- Topical term or geographic name entry element: Mythology; Hindu Animals in religion - Hinduism; Birds in religion - Hinduism; Symbolism of animals - India; Sacred animals - India